Ungu [ Mozaik

Bibliographic Details
Format: Book
Published: s.l. : Trinity Optima Production Records , 2015
Subjects:

MARC

LEADER 00000cam a2200000 7i4500
001 0000200059
005 20151231.0
090 0 0 |a MUZ   |b UNG 
245 0 0 |a Ungu [  |h cd music] :   |b Mozaik 
260 |a s.l. :   |b Trinity Optima Production Records ,   |c 2015 
300 |a 1 CD music (45 minutes) 
500 |a Library has 1 copy 
650 0 0 |a Songs, Indonesian 
999 |a AV 37257   |b CD MUSIC   |c PINJAMAN   |e PERPUSTAKAAN KOMUNITI PETALING JAYA